Pays qui importent le plus de pétrole - Statistiques

Statistiques générales
  • Ce quiz a été pris 85 fois
  • Le résultat moyen est 12 sur 15
Statistiques - réponses
Pays % Correct
2 Chine
98%
9 France
96%
6 Allemagne
94%
3 Inde
93%
8 Espagne
92%
7 Italie
90%
4 Japon
90%
11 Royaume-Uni
88%
1 États-Unis
82%
5 Corée du Sud
81%
15 Canada
80%
12 Pays-Bas
61%
14 Thailande
49%
13 Taiwan
46%
10 Singapour
36%
Aucun quiz correspondant
Distribution des résultats
% des personnes avec chaque résultat
Percentile par nombre de réponses
Votre historique - résultats
Vous n’avez pas pris ce quiz